[Event "EU-ch 23rd"]
[Site "Vrnjacka Banja"]
[Date "2023.03.06"]
[Round "4"]
[White "Mitrovic, Stefan"]
[Black "Srdanovic, Jovana"]
[Result "0-1"]
[WhiteElo "1859"]
[BlackElo "2146"]
[PlyCount "58"]
[EventDate "2023.03.03"]
[EventType "swiss"]
[EventRounds "11"]
[EventCountry "SRB"]
[SourceTitle "CBM 213"]
[Source "ChessBase"]
[SourceDate "2023.04.30"]
[SourceVersion "1"]
[SourceVersionDate "2023.04.30"]
[SourceQuality "1"]

1. d4 d5 2. c4 c6 3. Nf3 Nf6 4. Nc3 dxc4 5. a4 Bf5 6. Ne5 Nbd7 7. Nxc4 Qc7 8. g3 e5 9. dxe5 Nxe5 10. Nxe5 Qxe5 11. Qb3 Bc5 12. f3 0-0 13. Bf4 Qe7 14. g4 Bg6 15. Bg3 Rfe8 16. Qc4 Rad8 17. Rd1 Qe3 18. Rxd8 Rxd8 19. Qf4 Bc2 20. Qxe3 Bxe3 21. Bh3 b5 22. axb5 cxb5 23. Bc7 Rd2 24. Ba5 Nd5 25. Kf1 Nf4 26. Bg2 Bd3 27. exd3 Rf2+ 28. Kg1 Rxg2+ 29. Kf1 Rf2+ 0-1

[Event "EU-ch 23rd"]
[Site "Vrnjacka Banja"]
[Date "2023.03.04"]
[Round "2"]
[White "Mitrovic, Stefan"]
[Black "Nadj Hedjesi, Balind"]
[Result "0-1"]
[WhiteElo "1859"]
[BlackElo "2223"]
[PlyCount "64"]
[EventDate "2023.03.03"]
[EventType "swiss"]
[EventRounds "11"]
[EventCountry "SRB"]
[SourceTitle "CBM 213"]
[Source "ChessBase"]
[SourceDate "2023.04.30"]
[SourceVersion "1"]
[SourceVersionDate "2023.04.30"]
[SourceQuality "1"]

1. d4 Nf6 2. Nf3 e6 3. c4 b6 4. g3 Bb4+ 5. Bd2 c5 6. Bg2 Bb7 7. 0-0 0-0 8. a3 Bxd2 9. Qxd2 Nc6 10. e3 Na5 11. Qc2 Be4 12. Qc3 cxd4 13. exd4 Rc8 14. b3 d5 15. c5 bxc5 16. dxc5 d4 17. Qb2 Bxf3 18. Bxf3 Rxc5 19. Rd1 e5 20. b4 Nc4 21. Qe2 Rc7 22. Nc3 Ne3 23. fxe3 Rxc3 24. exd4 exd4 25. Rd3 Re8 26. Qd2 Rxd3 27. Qxd3 Re3 28. Qf5 g6 29. Qf4 Nd5 30. Bxd5 Qxd5 31. Rc1 Re2 32. Qf1 Qe4 0-1

[Event "Veliko Gradiste Silver Lake op-A"]
[Site "Veliko Gradiste"]
[Date "2022.06.23"]
[Round "6"]
[White "Jevtic, Miroljub L"]
[Black "Mitrovic, Stefan"]
[Result "1-0"]
[WhiteElo "1986"]
[BlackElo "1866"]
[PlyCount "60"]
[EventDate "2022.06.19"]
[EventType "swiss"]
[EventRounds "9"]
[EventCountry "SRB"]
[SourceTitle "CBM 209 Extra"]
[Source "ChessBase"]
[SourceDate "2022.09.30"]
[SourceVersion "1"]
[SourceVersionDate "2022.09.30"]
[SourceQuality "1"]

1. d4 Nf6 2. Nf3 g6 3. Bf4 Bg7 4. c3 d6 5. h3 0-0 6. Nbd2 c5 7. e4 Nbd7 8. d5 Re8 9. Bb5 a6 10. Bxd7 Bxd7 11. a4 b5 12. axb5 axb5 13. 0-0 Qb6 14. Qc2 Reb8 15. Be3 Qb7 16. Rxa8 Rxa8 17. b4 c4 18. Qb2 Qa6 19. Bd4 Nh5 20. Bxg7 Kxg7 21. Nb1 Qa2 22. Qc1 Qa7 23. Nd4 Qb7 24. Qe3 Be8 25. f4 Kg8 26. f5 Bd7 27. fxg6 fxg6 28. Qg5 Re8 29. Nd2 e5 30. dxe6 Bxe6 1-0

[Event "SRB-ch sf"]
[Site "Paracin"]
[Date "2022.03.21"]
[Round "6"]
[White "Mitrovic, Stefan"]
[Black "Kostic, Milutin B"]
[Result "0-1"]
[WhiteElo "1850"]
[BlackElo "2096"]
[PlyCount "112"]
[EventDate "2022.03.17"]
[EventType "swiss"]
[EventRounds "9"]
[EventCountry "SRB"]
[SourceTitle "CBM 207 Extra"]
[Source "ChessBase"]
[SourceDate "2022.05.31"]
[SourceVersion "1"]
[SourceVersionDate "2022.05.31"]
[SourceQuality "1"]

1. d4 Nf6 2. Nf3 e6 3. c4 Bb4+ 4. Bd2 Qe7 5. g3 Nc6 6. Bg2 Bxd2+ 7. Qxd2 Ne4 8. Qc2 Qb4+ 9. Nc3 Nxc3 10. Qxc3 Qxc3+ 11. bxc3 Rb8 12. Rb1 b6 13. Nd2 Na5 14. e3 Ke7 15. f3 Ba6 16. Bf1 Rhc8 17. Kf2 c6 18. Be2 f5 19. Rhc1 d6 20. c5 Bxe2 21. cxd6+ Kxd6 22. Kxe2 c5 23. Kd3 Rc7 24. Nc4+ Nxc4 25. Kxc4 cxd4+ 26. Kxd4 e5+ 27. Kd3 Kc5 28. Kc2 Rd8 29. Rd1 Rcd7 30. Rxd7 Rxd7 31. a4 a6 32. Rb4 g5 33. h3 h5 34. Rb1 b5 35. axb5 axb5 36. Ra1 Rh7 37. Ra8 h4 38. g4 fxg4 39. fxg4 Rf7 40. Rg8 Kc4 41. Rc8+ Kd5 42. Rg8 Rf2+ 43. Kd1 Rh2 44. Rxg5 Rxh3 45. Ke2 Ke4 46. Kd2 Rh2+ 47. Kc1 Rg2 48. Rh5 Rxg4 49. Kc2 Kf3 50. Kd3 e4+ 51. Kd4 Kg2 52. Rxb5 h3 53. c4 h2 54. Rb2+ Kh3 55. Rxh2+ Kxh2 56. Ke5 Kg3 0-1

[Event "SRB-ch sf"]
[Site "Paracin"]
[Date "2022.03.20"]
[Round "5"]
[White "Gagic, Milan A"]
[Black "Mitrovic, Stefan"]
[Result "1/2-1/2"]
[WhiteElo "2159"]
[BlackElo "1850"]
[PlyCount "110"]
[EventDate "2022.03.17"]
[EventType "swiss"]
[EventRounds "9"]
[EventCountry "SRB"]
[SourceTitle "CBM 207 Extra"]
[Source "ChessBase"]
[SourceDate "2022.05.31"]
[SourceVersion "1"]
[SourceVersionDate "2022.05.31"]
[SourceQuality "1"]

1. e4 e6 2. d4 d5 3. Nc3 Bb4 4. e5 c5 5. a3 Ba5 6. b4 cxd4 7. Nb5 Bc7 8. f4 Nc6 9. Nf3 Bd7 10. Bb2 Nge7 11. Bd3 a6 12. Nxc7+ Qxc7 13. 0-0 Nf5 14. Bxf5 exf5 15. Bxd4 Nxd4 16. Qxd4 Be6 17. Nd2 Rc8 18. Rac1 Qc3 19. Qxc3 Rxc3 20. Rf3 Rc7 21. Nb3 Ke7 22. Kf2 Rhc8 23. c3 b6 24. Ke2 Rc4 25. Kd2 h6 26. Nd4 g6 27. h4 h5 28. g3 Bd7 29. Rd3 Rd8 30. Nc2 Bc6 31. Ne3 Re4 32. c4 dxc4 33. Rxd8 Kxd8 34. Rxc4 Rxc4 35. Nxc4 b5 36. Nd6 Bd5 37. Ke3 Kd7 38. Kd4 Kc6 39. Nc8 Be6 40. Ne7+ Kb6 41. Nd5+ Kc6 42. Nf6 Kb6 43. Nh7 Kc6 44. Ng5 Kb6 45. Nh3 Kc6 46. Nf2 Kb6 47. Nd3 Kc6 48. Nc5 Kb6 49. Kc3 a5 50. Nxe6 fxe6 51. bxa5+ Kxa5 52. Kb3 Kb6 53. Kb4 Kc6 54. Ka5 Kc5 55. Ka6 Kc6 1/2-1/2

[Event "Belgrade Trophy 35th"]
[Site "Belgrade"]
[Date "2021.11.28"]
[Round "5"]
[White "Poleksic, Dusan"]
[Black "Mitrovic, Stefan"]
[Result "0-1"]
[WhiteElo "2081"]
[BlackElo "1825"]
[PlyCount "82"]
[EventDate "2021.11.24"]
[EventType "swiss"]
[EventRounds "9"]
[EventCountry "SRB"]
[SourceTitle "CBM 205 Extra"]
[Source "ChessBase"]
[SourceDate "2022.01.31"]
[SourceVersion "1"]
[SourceVersionDate "2022.01.31"]
[SourceQuality "1"]

1. d4 Nf6 2. c4 d6 3. Nc3 Nbd7 4. e4 e5 5. Be3 Be7 6. f4 c6 7. d5 exf4 8. Bxf4 Nc5 9. Bd3 Bg4 10. Qc2 Nh5 11. Nge2 Bh4+ 12. g3 Bg5 13. 0-0 Bh3 14. Rf2 Nxf4 15. Nxf4 Qd7 16. e5 dxe5 17. Re1 Nxd3 18. Nxd3 0-0 19. Ne4 f6 20. Nxe5 fxe5 21. Nxg5 Bf5 22. Qd2 h6 23. Rxe5 Rad8 24. Nf3 Bg4 25. Nd4 Rxf2 26. Qxf2 Rf8 27. Qd2 Bh3 28. Re1 cxd5 29. c5 Qf7 30. Qe2 Qf6 31. Rd1 h5 32. Nb5 Bg4 33. Qd2 Bxd1 34. Qxd5+ Kh8 35. Qxd1 Qf2+ 36. Kh1 Qxc5 37. Nd6 Qe5 38. Kg2 Qxb2+ 39. Kh3 Qe5 40. Qd2 Qe6+ 41. Kg2 Rf6 0-1

[Event "Belgrade Trophy 35th"]
[Site "Belgrade"]
[Date "2021.11.27"]
[Round "4"]
[White "Mitrovic, Stefan"]
[Black "Stankovic, Andrea"]
[Result "1-0"]
[WhiteElo "1825"]
[BlackElo "1602"]
[PlyCount "75"]
[EventDate "2021.11.24"]
[EventType "swiss"]
[EventRounds "9"]
[EventCountry "SRB"]
[SourceTitle "CBM 205 Extra"]
[Source "ChessBase"]
[SourceDate "2022.01.31"]
[SourceVersion "1"]
[SourceVersionDate "2022.01.31"]
[SourceQuality "1"]

1. d4 e6 2. c4 Nf6 3. Nf3 Bb4+ 4. Bd2 Qe7 5. g3 0-0 6. Bg2 Bxd2+ 7. Nbxd2 d6 8. 0-0 e5 9. d5 h6 10. e4 a5 11. Qc2 Na6 12. b3 Bd7 13. Ne1 Nh7 14. Qc3 b6 15. f4 f5 16. fxe5 dxe5 17. exf5 Qc5+ 18. Kh1 Bxf5 19. Nd3 Bxd3 20. Qxd3 Rae8 21. Be4 Nf6 22. Bf5 Qd6 23. Qe3 Nc5 24. a3 c6 25. b4 Ncd7 26. Be6+ Kh8 27. Ne4 Nxe4 28. Qxe4 Nf6 29. Qg6 cxd5 30. Rxf6 Rxf6 31. Qxe8+ Rf8 32. Qd7 Qxd7 33. Bxd7 dxc4 34. bxa5 bxa5 35. Rc1 Rd8 36. Bb5 Rb8 37. a4 Rd8 38. Rxc4 1-0

[Event "Belgrade Trophy 35th"]
[Site "Belgrade"]
[Date "2021.11.25"]
[Round "2"]
[White "Mitrovic, Stefan"]
[Black "Vujaklija, Nenad"]
[Result "1-0"]
[WhiteElo "1825"]
[BlackElo "1680"]
[PlyCount "72"]
[EventDate "2021.11.24"]
[EventType "swiss"]
[EventRounds "9"]
[EventCountry "SRB"]
[SourceTitle "CBM 205 Extra"]
[Source "ChessBase"]
[SourceDate "2022.01.31"]
[SourceVersion "1"]
[SourceVersionDate "2022.01.31"]
[SourceQuality "1"]

1. d4 f5 2. c4 e6 3. Nc3 Nf6 4. g3 Be7 5. Bg2 c6 6. d5 Bc5 7. dxe6 Qb6 8. e3 0-0 9. exd7 Nbxd7 10. Nf3 Ne4 11. 0-0 Ndf6 12. Na4 Qb4 13. Nxc5 Qxc5 14. Qc2 Be6 15. b3 Rad8 16. Bb2 Ng4 17. Bd4 Qa5 18. h3 Ngf6 19. a3 c5 20. Bb2 Qc7 21. Rad1 b5 22. Be5 Qc8 23. Rxd8 Rxd8 24. cxb5 Nd5 25. Rc1 g5 26. Qb2 Kf7 27. Qe2 Kg6 28. Qc2 h5 29. Ne1 Ndf6 30. Bxf6 Rd2 31. Qb1 Nxf6 32. Nf3 Rd5 33. Nd4 Bd7 34. Bxd5 Nxd5 35. e4 Nc7 36. exf5+ Kf6 1-0

[Event "Belgrade Trophy 35th"]
[Site "Belgrade"]
[Date "2021.11.24"]
[Round "1"]
[White "Todorovic, Goran M"]
[Black "Mitrovic, Stefan"]
[Result "1-0"]
[WhiteElo "2376"]
[BlackElo "1825"]
[PlyCount "33"]
[EventDate "2021.11.24"]
[EventType "swiss"]
[EventRounds "9"]
[EventCountry "SRB"]
[SourceTitle "CBM 205 Extra"]
[Source "ChessBase"]
[SourceDate "2022.01.31"]
[SourceVersion "1"]
[SourceVersionDate "2022.01.31"]
[SourceQuality "1"]

1. e4 e6 2. d4 d5 3. Nd2 a6 4. Ngf3 c5 5. c3 Nc6 6. Bd3 Nf6 7. 0-0 cxd4 8. cxd4 Bb4 9. e5 Nd7 10. Nb3 f6 11. Ng5 Nf8 12. Qh5+ g6 13. Qh6 Qe7 14. Nf3 fxe5 15. dxe5 Nd7 16. Bxg6+ hxg6 17. Qxh8+ 1-0

[Event "Belgrade Premier League"]
[Site "Belgrade"]
[Date "2021.10.12"]
[Round "11.5"]
[White "Mitrovic, Stefan"]
[Black "Velickovic, Sasa"]
[Result "0-1"]
[WhiteElo "1833"]
[BlackElo "2236"]
[PlyCount "116"]
[EventDate "2021.10.01"]
[EventType "team-tourn"]
[EventRounds "11"]
[EventCountry "SRB"]
[SourceTitle "CBM 204 Extra"]
[Source "ChessBase"]
[SourceDate "2021.11.30"]
[SourceVersion "1"]
[SourceVersionDate "2021.11.30"]
[SourceQuality "1"]
[WhiteTeam "Belgrade Napredak"]
[BlackTeam "Belgrade Crvena Zvezda"]
[WhiteTeamCountry "SRB"]
[BlackTeamCountry "SRB"]

1. d4 Nf6 2. c4 c5 3. d5 g6 4. Nc3 e6 5. e4 Bg7 6. h3 0-0 7. Nf3 d6 8. Bd3 Na6 9. 0-0 Nc7 10. a4 h6 11. Re1 e5 12. Nh2 Qe7 13. Be3 Re8 14. Qd2 h5 15. Bg5 Qf8 16. f4 exf4 17. Bxf4 Nd7 18. Nf3 Ne5 19. Nxe5 Bxe5 20. Bxe5 Rxe5 21. Rf1 Qe7 22. Rf2 Bd7 23. Raf1 Rf8 24. b3 Ne8 25. Rf3 Ng7 26. Nd1 h4 27. Qf2 Nh5 28. Re3 Ng3 29. Rfe1 Qg5 30. Kh2 Rfe8 31. Nc3 f5 32. Rf3 a5 33. Rf4 R5e7 34. Bc2 Qf6 35. Ne2 Nxe4 36. Bxe4 Rxe4 37. Rxe4 Rxe4 38. Nf4 Qe5 39. Rxe4 fxe4 40. Kg1 Qa1+ 41. Kh2 Qe5 42. Kg1 e3 43. Qf3 Bf5 44. Kf1 Qa1+ 45. Ke2 Qb2+ 46. Kxe3 Qxb3+ 47. Kf2 Qxc4 48. Qe3 Qxa4 49. Ne2 Qc4 50. Qg5 Qxd5 51. Qxh4 Qf7 52. Qd8+ Qf8 53. Qg5 a4 54. Nf4 a3 55. g4 a2 56. gxf5 a1Q 57. Nxg6 Qd4+ 58. Kg2 Qff6 0-1

[Event "Belgrade Premier League"]
[Site "Belgrade"]
[Date "2021.10.11"]
[Round "10.3"]
[White "Tasev, Dejan"]
[Black "Mitrovic, Stefan"]
[Result "1-0"]
[WhiteElo "2305"]
[BlackElo "1833"]
[PlyCount "49"]
[EventDate "2021.10.01"]
[EventType "team-tourn"]
[EventRounds "11"]
[EventCountry "SRB"]
[SourceTitle "CBM 204 Extra"]
[Source "ChessBase"]
[SourceDate "2021.11.30"]
[SourceVersion "1"]
[SourceVersionDate "2021.11.30"]
[SourceQuality "1"]
[WhiteTeam "Belgrade Turbina"]
[BlackTeam "Belgrade Napredak"]
[WhiteTeamCountry "SRB"]
[BlackTeamCountry "SRB"]

1. e4 e6 2. d4 d5 3. Nc3 Bb4 4. e5 c5 5. a3 Ba5 6. Bd2 cxd4 7. Nb5 Bc7 8. f4 a6 9. Nxd4 Nc6 10. Ngf3 Nge7 11. Bd3 Bd7 12. Qe2 Nxd4 13. Nxd4 Bb6 14. Be3 Bxd4 15. Bxd4 a5 16. 0-0 0-0 17. Rf3 g6 18. Rh3 Nc6 19. Bc5 Re8 20. Qf2 Kg7 21. Re1 Rh8 22. g4 Rb8 23. f5 exf5 24. gxf5 Kg8 25. e6 1-0

[Event "Belgrade Premier League"]
[Site "Belgrade"]
[Date "2021.10.08"]
[Round "7.3"]
[White "Mitrovic, Stefan"]
[Black "Beric, Zoran"]
[Result "1/2-1/2"]
[WhiteElo "1833"]
[BlackElo "1953"]
[PlyCount "49"]
[EventDate "2021.10.01"]
[EventType "team-tourn"]
[EventRounds "11"]
[EventCountry "SRB"]
[SourceTitle "CBM 204 Extra"]
[Source "ChessBase"]
[SourceDate "2021.11.30"]
[SourceVersion "1"]
[SourceVersionDate "2021.11.30"]
[SourceQuality "1"]
[WhiteTeam "Belgrade Napredak"]
[BlackTeam "Belgrade Tehnicka Skola"]
[WhiteTeamCountry "SRB"]
[BlackTeamCountry "SRB"]

1. d4 c5 2. d5 b5 3. e4 a6 4. c4 b4 5. Nf3 g6 6. Bd3 Bg7 7. 0-0 d6 8. h3 Nf6 9. Qc2 Nbd7 10. Bf4 a5 11. Nbd2 0-0 12. Rae1 Nh5 13. Bh2 Re8 14. e5 dxe5 15. Nxe5 Nxe5 16. Bxe5 e6 17. Bxg7 Nxg7 18. dxe6 Bxe6 19. Nf3 Qd6 20. Ng5 Bf5 21. Bxf5 Nxf5 22. Rxe8+ Rxe8 23. Nf3 Nd4 24. Nxd4 Qxd4 25. Rd1 1/2-1/2

[Event "Belgrade-chT Quality"]
[Site "Belgrade"]
[Date "2020.10.25"]
[Round "6.7"]
[White "Mitrovic, Stefan"]
[Black "Jerkin, Goran"]
[Result "1-0"]
[WhiteElo "1835"]
[BlackElo "1984"]
[PlyCount "69"]
[EventDate "2020.10.09"]
[EventType "team-tourn"]
[EventRounds "9"]
[EventCountry "SRB"]
[SourceTitle "EXT 2022"]
[Source "ChessBase"]
[SourceDate "2021.10.06"]
[SourceVersion "1"]
[SourceVersionDate "2021.10.06"]
[SourceQuality "1"]
[WhiteTeam "Belgrade Napredak"]
[BlackTeam "Belgrade Teleoptik"]
[WhiteTeamCountry "SRB"]
[BlackTeamCountry "SRB"]

1. d4 Nf6 2. Nf3 g6 3. g3 Bg7 4. c4 0-0 5. Bg2 d6 6. Nc3 Nbd7 7. 0-0 e5 8. e4 c6 9. Re1 Qc7 10. Be3 a6 11. h3 b5 12. cxb5 axb5 13. a3 Re8 14. Rc1 Qb8 15. Qc2 b4 16. axb4 Qxb4 17. dxe5 dxe5 18. Bd2 Qc5 19. Be3 Qb4 20. Bd2 Qc5 21. Rb1 Rb8 22. Bf1 Bf8 23. b3 Bb7 24. Bc4 h6 25. Na4 Qe7 26. Nh4 Kh7 27. Rbd1 c5 28. Ba5 Bc6 29. Bc7 Bxa4 30. bxa4 Rec8 31. Bxb8 Rxb8 32. a5 Ra8 33. Ra1 Nb8 34. Qb3 Kg7 35. a6 1-0

[Event "SRB-ch sf"]
[Site "Novi Banovci"]
[Date "2020.02.25"]
[Round "3"]
[White "Gajcin, Sinisa"]
[Black "Mitrovic, Stefan"]
[Result "0-1"]
[WhiteElo "1733"]
[BlackElo "1822"]
[PlyCount "75"]
[EventDate "2020.02.24"]
[EventType "swiss"]
[EventRounds "9"]
[EventCountry "SRB"]
[SourceTitle "CBM 195 Extra"]
[Source "ChessBase"]
[SourceDate "2020.05.31"]
[SourceVersion "1"]
[SourceVersionDate "2020.05.31"]
[SourceQuality "1"]

1. e4 e6 2. d4 d5 3. Nd2 a6 4. Ngf3 c5 5. exd5 exd5 6. dxc5 Bxc5 7. Nb3 Bb6 8. Be2 Nf6 9. 0-0 0-0 10. c3 Nc6 11. Bg5 Be6 12. Nbd4 h6 13. Bh4 Bc7 14. Re1 Re8 15. a4 Bd7 16. Qc2 Nxd4 17. cxd4 Rc8 18. Qb3 Ba5 19. Ne5 Bxe1 20. Rxe1 g5 21. Bg3 Qa5 22. f3 Qxa4 23. Qe3 Nh5 24. Bd1 Qa5 25. f4 g4 26. Qf2 Bf5 27. h3 Nxg3 28. Qxg3 Qd2 29. Bxg4 Qxd4+ 30. Kh2 Bg6 31. f5 Rxe5 32. Rxe5 Rc1 33. Re8+ Kg7 34. Qc3 Rxc3 35. bxc3 Qf4+ 36. g3 Qf2+ 37. Kh1 Bxf5 38. Re2 0-1

[Event "SRB-ch sf"]
[Site "Novi Banovci"]
[Date "2020.02.25"]
[Round "2"]
[White "Mitrovic, Stefan"]
[Black "Gavric, Zivojin"]
[Result "0-1"]
[WhiteElo "1822"]
[BlackElo "2134"]
[PlyCount "114"]
[EventDate "2020.02.24"]
[EventType "swiss"]
[EventRounds "9"]
[EventCountry "SRB"]
[SourceTitle "CBM 195 Extra"]
[Source "ChessBase"]
[SourceDate "2020.05.31"]
[SourceVersion "1"]
[SourceVersionDate "2020.05.31"]
[SourceQuality "1"]

1. d4 d5 2. c4 Bf5 3. Nc3 e6 4. e3 c6 5. Bd3 Bxd3 6. Qxd3 Nf6 7. Nf3 Nbd7 8. 0-0 Be7 9. b3 0-0 10. Bb2 Re8 11. Rfe1 Qa5 12. a3 Rac8 13. e4 dxe4 14. Nxe4 Nxe4 15. Rxe4 Qf5 16. Re3 Qxd3 17. Rxd3 Bf6 18. Rad1 b5 19. c5 Nxc5 20. dxc5 Bxb2 21. b4 Rc7 22. R3d2 Bf6 23. Rd6 Kf8 24. Rd7 Rec8 25. Kf1 Ke8 26. R7d6 a5 27. R6d3 Ra8 28. Ke2 axb4 29. axb4 Ra4 30. Rb3 Rd7 31. Rxd7 Kxd7 32. Ke3 h6 33. g3 Ra2 34. Ne1 Ba1 35. h4 e5 36. Nf3 f6 37. g4 Bb2 38. Ke4 Bc1 39. Kf5 Rxf2 40. Kg6 e4 41. Rb1 Bb2 42. Ne1 Re2 43. Kf7 Bc3 44. Rd1+ Kc7 45. Ke7 Bxe1 46. Rd7+ Kc8 47. Rd8+ Kb7 48. Rd7+ Ka6 49. Rc7 Bxb4 50. Kd6 Bxc5+ 51. Kxc5 Rc2+ 52. Kd4 Rc4+ 53. Ke3 g5 54. h5 b4 55. Rc8 Kb7 56. Rd8 b3 57. Rd2 Rb4 0-1

[Event "Paracin Summer op-B 12th"]
[Site "Paracin"]
[Date "2019.07.09"]
[Round "5"]
[White "Mitrovic, Stefan"]
[Black "Kuzmanovic, Slobodan"]
[Result "0-1"]
[WhiteElo "1846"]
[BlackElo "2066"]
[PlyCount "76"]
[EventDate "2019.07.05"]
[EventType "swiss"]
[EventRounds "9"]
[EventCountry "SRB"]
[SourceTitle "EXT 2020"]
[Source "ChessBase"]
[SourceDate "2019.10.17"]
[SourceVersion "1"]
[SourceVersionDate "2019.10.17"]
[SourceQuality "1"]

1. d4 Nf6 2. Nf3 e6 3. c4 c5 4. d5 g6 5. Nc3 d6 6. e4 Bg7 7. Be2 0-0 8. 0-0 e5 9. Qc2 Na6 10. Bd2 Nh5 11. Qc1 Nc7 12. Ng5 Nf4 13. Nf3 Nxe2+ 14. Nxe2 b5 15. Ba5 bxc4 16. Bxc7 Qxc7 17. Qxc4 Rb8 18. b3 Bh6 19. Qc2 Qa5 20. Nc3 Ba6 21. Rfe1 c4 22. Nd2 Rfc8 23. Rec1 Qa3 24. Ncb1 Qxc1+ 25. Qxc1 cxb3 26. Qxc8+ Rxc8 27. Nxb3 Bd3 28. N1d2 Rc2 29. Rc1 Rxa2 30. Rc3 Bxd2 31. Rxd3 Bb4 32. Rd1 a5 33. Rb1 Bc3 34. Nc1 Rc2 35. Nd3 Rd2 36. Ne1 a4 37. Nf3 Rb2 38. Rd1 a3 0-1

[Event "Belgrade City-chT"]
[Site "Belgrade"]
[Date "2019.05.16"]
[Round "4.9"]
[White "Milosavljevic, Teodor"]
[Black "Mitrovic, Stefan"]
[Result "1/2-1/2"]
[WhiteElo "1486"]
[BlackElo "1766"]
[PlyCount "71"]
[EventDate "2019.05.13"]
[EventType "team-swiss"]
[EventRounds "5"]
[EventCountry "SRB"]
[SourceTitle "CBM 190 Extra"]
[Source "ChessBase"]
[SourceDate "2019.07.15"]
[SourceVersion "1"]
[SourceVersionDate "2019.07.15"]
[SourceQuality "1"]
[WhiteTeam "VF Chess"]
[BlackTeam "Pogledi"]
[WhiteTeamCountry "SRB"]
[BlackTeamCountry "SRB"]

1. e4 e6 2. d4 d5 3. Bd3 Nf6 4. e5 Nfd7 5. Nf3 c5 6. c3 Nc6 7. 0-0 cxd4 8. cxd4 Be7 9. a3 f6 10. Re1 f5 11. b4 Nb6 12. Nbd2 0-0 13. Nf1 Bd7 14. Ne3 Rc8 15. Bd2 a6 16. Rc1 Na7 17. Rxc8 Qxc8 18. Qc1 h6 19. Nc2 Rf7 20. h4 Bf8 21. Qd1 Bb5 22. Bxb5 Nxb5 23. h5 Rc7 24. Kh2 Rxc2 25. Nh4 Ra2 26. g4 Qd8 27. Ng6 Nxd4 28. Bxh6 gxh6 29. Qxd4 Nc4 30. gxf5 exf5 31. Rg1 Bg7 32. Nh4 Kh7 33. Rxg7+ Kxg7 34. e6+ Kh7 35. Nf3 Qg5 36. e7 1/2-1/2

[Event "Belgrade City-chT"]
[Site "Belgrade"]
[Date "2019.05.13"]
[Round "1.9"]
[White "Mitrovic, Stefan"]
[Black "Polhert, Zdenko"]
[Result "1/2-1/2"]
[WhiteElo "1766"]
[BlackElo "1874"]
[PlyCount "26"]
[EventDate "2019.05.13"]
[EventType "team-swiss"]
[EventRounds "5"]
[EventCountry "SRB"]
[SourceTitle "CBM 190 Extra"]
[Source "ChessBase"]
[SourceDate "2019.07.15"]
[SourceVersion "1"]
[SourceVersionDate "2019.07.15"]
[SourceQuality "1"]
[WhiteTeam "Pogledi"]
[BlackTeam "Pogledi II"]
[WhiteTeamCountry "SRB"]
[BlackTeamCountry "SRB"]

1. d4 d5 2. c4 c6 3. cxd5 cxd5 4. Nc3 e6 5. a4 f5 6. g3 Nf6 7. Bg2 Nc6 8. e3 Bd6 9. Nge2 0-0 10. 0-0 a6 11. b4 Bd7 12. Bb2 Qe8 13. Rc1 h6 1/2-1/2

[Event "IBCA Wch Blind and Visually imp U22"]
[Site "Solec Zdroj"]
[Date "2018.08.23"]
[Round "9.4"]
[White "Ermakov, Maksim"]
[Black "Mitrovic, Stefan"]
[Result "1-0"]
[WhiteElo "1583"]
[BlackElo "1659"]
[PlyCount "115"]
[EventDate "2018.08.14"]
[EventType "swiss"]
[EventRounds "9"]
[EventCountry "POL"]
[SourceTitle "EXT 2024"]
[Source "ChessBase"]
[SourceDate "2023.10.10"]
[SourceVersion "1"]
[SourceVersionDate "2023.10.10"]
[SourceQuality "1"]

1. d4 d5 2. Nf3 Nf6 3. e3 e6 4. c4 Nbd7 5. Nbd2 a6 6. a4 Bb4 7. Bd3 b6 8. 0-0 Bb7 9. Qc2 Rc8 10. e4 dxe4 11. Nxe4 h6 12. Bf4 Nxe4 13. Bxe4 Bxe4 14. Qxe4 0-0 15. Rfd1 Re8 16. Rac1 Bd6 17. Ne5 Bxe5 18. dxe5 Qe7 19. Qc6 Nb8 20. Qf3 a5 21. c5 Red8 22. Be3 Rxd1+ 23. Qxd1 Rd8 24. Qg4 Kh8 25. cxb6 cxb6 26. Bxb6 Rg8 27. Qd4 Na6 28. Bxa5 Rb8 29. Qd6 Qb7 30. b4 Rc8 31. Rd1 Nb8 32. b5 Qa7 33. Qb6 Qd7 34. Qd6 Qa7 35. Qb4 Kh7 36. h3 Qb7 37. Qd6 Qe4 38. Qd3 Qxd3 39. Rxd3 Rc4 40. Rd8 Rxa4 41. Bc7 Na6 42. bxa6 Rxa6 43. Rd3 Rc6 44. Bd6 h5 45. Kh2 g5 46. Rg3 f6 47. Be7 fxe5 48. Rxg5 Rc2 49. Rxe5 Rxf2 50. Rxe6 Rf5 51. Rf6 Rb5 52. Kg3 Rg5+ 53. Kf3 Rb5 54. Kf4 Ra5 55. Rf5 Ra4+ 56. Kg5 Ra2 57. g3 Rg2 58. Bd6 1-0

[Event "IBCA Wch Blind and Visually imp U22"]
[Site "Solec Zdroj"]
[Date "2018.08.20"]
[Round "6.2"]
[White "Soundarya, Kumar Pradhan"]
[Black "Mitrovic, Stefan"]
[Result "1/2-1/2"]
[WhiteElo "1808"]
[BlackElo "1659"]
[PlyCount "78"]
[EventDate "2018.08.14"]
[EventType "swiss"]
[EventRounds "9"]
[EventCountry "POL"]
[SourceTitle "EXT 2024"]
[Source "ChessBase"]
[SourceDate "2023.10.10"]
[SourceVersion "1"]
[SourceVersionDate "2023.10.10"]
[SourceQuality "1"]

1. d4 d5 2. c4 e6 3. Nc3 c6 4. cxd5 exd5 5. Qc2 g6 6. e3 Bf5 7. Bd3 Bxd3 8. Qxd3 Nf6 9. Nge2 Nbd7 10. 0-0 Bd6 11. e4 dxe4 12. Nxe4 Nxe4 13. Qxe4+ Qe7 14. Qf3 0-0 15. Bd2 Nb6 16. Rfe1 Qd7 17. Bh6 Rfe8 18. Qf6 Bf8 19. Bxf8 Rxf8 20. Nf4 Rfe8 21. Re3 Rxe3 22. fxe3 Re8 23. Re1 Nd5 24. Nxd5 Qxd5 25. b3 Re6 26. Qf3 f5 27. Qxd5 cxd5 28. Kf2 Rc6 29. Re2 Kf7 30. Rb2 Ke6 31. a4 b6 32. g3 Rc8 33. Kf3 h5 34. h4 Kf6 35. b4 a6 36. Ke2 Rc7 37. Kf3 Rc1 38. a5 b5 39. Kf2 Rc4 1/2-1/2

[Event "IBCA Wch Blind and Visually imp U22"]
[Site "Solec Zdroj"]
[Date "2018.08.18"]
[Round "5.3"]
[White "Mitrovic, Stefan"]
[Black "Diaz de la Guia, Luis"]
[Result "1-0"]
[WhiteElo "1659"]
[BlackElo "1718"]
[PlyCount "71"]
[EventDate "2018.08.14"]
[EventType "swiss"]
[EventRounds "9"]
[EventCountry "POL"]
[SourceTitle "EXT 2024"]
[Source "ChessBase"]
[SourceDate "2023.10.10"]
[SourceVersion "1"]
[SourceVersionDate "2023.10.10"]
[SourceQuality "1"]

1. d4 d5 2. c4 dxc4 3. Nf3 Nf6 4. e3 e6 5. Bxc4 c5 6. 0-0 a6 7. a4 Nc6 8. Nc3 Be7 9. h3 0-0 10. Ne2 Qc7 11. b3 Na5 12. Qc2 Nxc4 13. Qxc4 b6 14. Ba3 Bb7 15. Ne1 b5 16. Qc1 Rfc8 17. Bxc5 Bxc5 18. Qxc5 Qxc5 19. dxc5 Rxc5 20. Nd3 Rcc8 21. axb5 axb5 22. Rxa8 Rxa8 23. Nd4 Be4 24. Nc5 Bd5 25. f3 Rc8 26. b4 Bc4 27. Ra1 Nd5 28. Nb7 g6 29. Nd6 Rb8 30. Nc6 Rb6 31. Ra8+ Kg7 32. Ne8+ Kh6 33. Ne5 f5 34. Nf7+ Kh5 35. Ng7+ Kh4 36. Kh2 1-0